Estadísticas para 15 principales países afectados por Covid19 - 3 jun 2021

Haz click aquí para intentar la prueba.

Estadísticas generales

  • Esta prueba ha sido intentada 8 veces
  • La puntuación promedio es 18 de 27

Estadísticas de respuestas

total
casos
aumento
diario
tasa por
millón
país% Correcto
3 701 6902990Alemania
100%
3 884 44735 355Argentina
100%
3 693 0124388España
100%
34 174 75217 821102 691Estados Unidos
100%
5 694 076
984887 056Francia
100%
2 423 928932México
100%
5 099 1829500Rusia
100%
16 803 47277 898Brasil
86%
3 488 04625 966Colombia
86%
28 572 359133 228India
86%
4 225 1632482Italia
86%
96 507Países Bajos
86%
4 499 8783165Reino Unido
86%
91 556Bélgica
71%
154 988Chequia
71%
2 874 092583Polonia
71%
5 270 2997112Turquía
71%
2 945 10010 687Irán
57%
106 031Suecia
57%
122 495Eslovenia
43%
90 021Israel
43%
140 499Baréin
29%
87 487Croacia
29%
97 870Estonia
29%
102 543Lituania
29%
87 136Georgia
14%
87 353Uruguay
14%

Distribución de puntuación

Porcentaje por número respondido

Porcentaje de gente con cada puntuación

Historial de tus puntuaciones

No has intentado esta prueba.